| 000 | 00892nam a22001935i 4500 | ||
|---|---|---|---|
| 001 | 161811 | ||
| 003 | ES-MaACL | ||
| 005 | 20251111063351.0 | ||
| 008 | 000215s1877 sp |||| | spa d | ||
| 040 |
_aCAM _bspa _cCAM |
||
| 100 | 1 |
_aPérez Echevarría, Francisco, _d1842-1884 _9131463 |
|
| 245 | 1 | 3 |
_aLa evidencia _b: comedia en tres actos y en prosa / _coriginal de Francisco Pérez Echevarría. |
| 260 |
_aMadrid : _b[Administración lírico-dramática], _c1877 ( _fimprenta de José Rodriguez) |
||
| 300 |
_a74 p. ; _c21 cm. |
||
| 500 | _aEn port.: Estrenada en el Teatro de la Comedia el 11 de diciembre de 1877. | ||
| 596 | _aMención de editor consta en la cub. | ||
| 852 |
_aES-MaACL _jF-8575(6) _z-- Enc. pasta española _q-- Falto de la cub. original _z-- Enc. en un vol. facticio formando parta de la Col. "Teatro español moderno" vol. 28 |
||
| 999 |
_c161811 _d161811 |
||